[Event "Chinggis Invitational IV 2018"]
[Site "Ulaanbaatar"]
[Date "2018.08.11"]
[Round "4"]
[White "Ganguly, Surya Shekhar"]
[Black "Lkhagvasuren, Tsedvee"]
[Result "1-0"]
[WhiteElo "2652"]
[BlackElo "2280"]
[Annotator "TA"]
[PlyCount "91"]
[EventDate "2018.08.08"]
[EventType "tourn"]
[EventCountry "MGL"]
[SourceTitle "playchess.com"]
[Source "ChessBase"]
[SourceQuality "1"]

{[%evp 34,91,49,45,52,59,58,31,34,0,0,0,0,0,0,0,0,0,0,0,0,0,0,0,0,0,0,0,0,0,0,0,155,0,0,0,0,-79,0,-82,-66,-40,-67,-150,-142,-133,0,0,0,0,748,65,65,68,68,79,363,357,350,360]} 1. e4 e5 2. Nf3 Nc6 3. Bb5 a6 4. Ba4 Nf6 5. O-O Be7 6. Re1 b5 7. Bb3 d6 8. c3 O-O 9. h3 Nb8 10. d4 Nbd7 11. Nbd2 Bb7 12. Bc2 Re8 13. Nf1 Bf8 14. Ng3 g6 15. b3 Bg7 16. d5 Nb6 {C95: Closed Ruy Lopez: Breyer Variation with 10 d4} (16... Rc8 17. c4 c6 18. Bg5 h6 19. Bd2 a5 20. Be3 Ba6 21. Qd2 Kh7 22. dxc6 Rxc6 23. cxb5 Bxb5 24. Rac1 {1-0 (41) Harikrishna,P (2743)-Gonzalez Vidal,Y (2543) Tbilisi 2017}) 17. Rb1 c5 18. a4 {LiveBook: 3 Games} bxa4 {White is slightly better.} 19. bxa4 {Black must now prevent a5.} Qc7 20. Nd2 a5 $146 ({Predecessor:} 20... Nfd7 21. a5 Nc8 22. c4 Ne7 23. Nf3 Reb8 24. Bd2 {½-½ (35) Bailloux,S-Mack,P Norwich 1972}) 21. Bd3 c4 $1 {[%cal Rc4d3]} 22. Nxc4 Nxc4 23. Bxc4 Qxc4 24. Rxb7 Reb8 25. Rxb8+ Rxb8 26. Qc2 Rb3 27. Bd2 Nd7 28. Rb1 Nc5 29. Be3 Qxa4 30. Bxc5 Rxb1+ 31. Qxb1 dxc5 32. Nf1 Bh6 $2 ({Black should play} 32... Bf8 $11) 33. Ne3 $2 (33. Qb8+ $16 Bf8 34. Qd8 (34. Qxe5 Qd1 $16)) 33... Kg7 $11 34. Ng4 Bg5 35. d6 (35. g3 $11) 35... c4 (35... Qc4 $17 36. Nxe5 Qxc3) 36. h4 (36. Nxe5 $11 {remains equal.} Qa3 37. Nxc4 Qxc3 38. Qb2 Qxb2 39. Nxb2) 36... Qb3 $1 $17 {[%cal Rb3b1]} 37. Qe1 Bd8 {Hoping for ...a4.} 38. Nxe5 {[#]} ({White should try} 38. Kh2 $15) 38... a4 $1 {[%cal Ra4a3]} 39. Nc6 a3 (39... Bxh4 $17 40. e5 a3) 40. Nxd8 $11 {aiming for d7.} a2 $1 41. Kh2 $1 Qa3 $2 {[%mdl 8192] [#]} ({Much weaker is} 41... Qb2 $6 42. Qe3 $16 (42. d7 Qb8+ 43. g3 Qb1 $11)) (41... Qb6 $11 42. Nxf7 Kxf7) 42. Nb7 $2 (42. Qd2 $1 $18 {[%cal Rd2d4] Strongly threatening Qd4+.} Qa7 43. Nc6) 42... a1=Q $14 43. Qxa1 Qxa1 44. d7 Qa8 $2 {[%mdl 8192]} (44... Qxc3 $16 45. d8=Q Qe5+ 46. g3 Qb2) 45. d8=Q $18 Qxb7 46. Qd4+ {Precision: White = 53%, Black = 56%.} 1-0

[Event "Chinggis Invitational IV 2018"]
[Site "Ulaanbaatar"]
[Date "2018.08.11"]
[Round "4"]
[White "Abasov, Nijat"]
[Black "Bocharov, Dmitry"]
[Result "1/2-1/2"]
[WhiteElo "2623"]
[BlackElo "2573"]
[Annotator "TA"]
[PlyCount "91"]
[EventDate "2018.08.08"]
[EventType "tourn"]
[EventCountry "MGL"]
[SourceTitle "playchess.com"]
[Source "ChessBase"]
[SourceQuality "1"]

{[%evp 11,91,0,0,-14,14,2,16,23,35,28,24,13,34,27,31,21,27,23,35,9,31,16,81,68,72,24,54,64,96,98,105,80,97,85,85,67,72,13,72,0,78,47,88,90,66,0,0,0,67,81,68,13,18,0,0,0,0,0,0,0,23,9,25,0,0,0,0,0,0,0,0,0,0,0,32,7,8,0,0,0,0,0]} 1. d4 Nf6 2. c4 e6 3. Nf3 d5 4. Nc3 c6 5. Qd3 b6 (5... dxc4 6. Qxc4 b5 7. Qd3 a6 8. Bg5 c5 9. Bxf6 gxf6 10. d5 Bb7 11. dxe6 Qxd3 12. exf7+ Kxf7 13. exd3 Rg8 14. a4 Nc6 15. axb5 Nd4 16. Nxd4 cxd4 {½-½ (47) Aronian,L (2792)-Giri,A (2782) Leuven 2016}) 6. e4 {D43: Semi-Slav: 5 Bg5 h6} Ba6 {LiveBook: 5 Games} 7. Qe3 (7. exd5 {seems wilder.} cxd5 8. Ne5 Bb4 9. Be2 O-O 10. O-O) 7... Bxc4 $146 ({Predecessor:} 7... dxc4 8. Be2 Be7 9. O-O Nbd7 10. Rd1 Qc7 11. b3 b5 12. bxc4 bxc4 13. Nd2 {½-½ (27) Abasov,N (2510)-Loiseau,Q (2388) Al Ain 2013}) 8. Bxc4 dxc4 9. O-O Be7 10. a4 O-O 11. Qe2 Nbd7 12. Qxc4 Qc8 13. Bg5 h6 14. Bh4 Re8 15. e5 Nd5 16. Bxe7 Nxc3 (16... Nxe7 $11 17. Ne4 Qb8) 17. Qxc3 $16 {[#] Strongly threatening Bd6.} Rxe7 18. Rfc1 Nb8 19. Nd2 Rc7 20. Ne4 a5 21. Qb3 c5 22. Nd6 ({Much weaker is} 22. Qxb6 $6 Nd7 $11) 22... Qd8 23. dxc5 bxc5 24. Nb5 ({White should try} 24. Qe3 $16) 24... Rc8 (24... Rd7 $11) 25. Nd6 Rc7 26. Rd1 {Black must now prevent Nxf7!} Qe7 27. Qb6 Nc6 28. Nb5 Rcc8 29. Nd6 Rc7 30. Qxc5 Nb4 31. Qb5 (31. Qd4 $14) 31... Rc2 32. b3 Qa7 33. Qf1 Qc5 34. Qe1 Rb8 35. Nb5 Rc8 36. h3 Nc6 37. Rd2 Rxd2 38. Qxd2 {Rc1 is the strong threat.} Qxe5 39. Re1 Qb8 40. Rc1 Nb4 41. Rxc8+ Qxc8 42. Na3 Nc6 43. Nc4 Qc7 {The position is equal.} 44. Qe3 Qd8 45. Qc5 Qd5 46. Qb6 {Precision: White = 53%, Black = 62%.} 1/2-1/2

[Event "Chinggis Invitational IV 2018"]
[Site "Ulaanbaatar"]
[Date "2018.08.11"]
[Round "4"]
[White "Izoria, Zviad"]
[Black "Durarbayli, Vasif"]
[Result "1/2-1/2"]
[WhiteElo "2606"]
[BlackElo "2633"]
[Annotator "TA"]
[PlyCount "35"]
[EventDate "2018.08.08"]
[EventType "tourn"]
[EventCountry "MGL"]
[SourceTitle "playchess.com"]
[Source "ChessBase"]
[SourceQuality "1"]

{[%evp 19,35,45,71,37,47,43,50,29,56,15,15,13,20,0,8,0,26,0]} 1. Nf3 c5 2. e4 e6 3. d4 cxd4 4. Nxd4 Nc6 5. Nc3 d6 6. Be3 Nf6 7. f3 Be7 8. Qd2 O-O 9. g4 Nd7 {B80: Sicilian Scheveningen: 6 g3 and 6 Be3, including English Attack} (9... d5 10. g5 Nxd4 11. Qxd4 Nd7 12. exd5 Bxg5 13. O-O-O e5 14. Qd2 Bxe3 15. Qxe3 Qb6 16. Qe1 Qh6+ 17. Kb1 a6 18. Bd3 f5 19. d6 Kh8 20. Rg1 {1-0 (70) Wang,H (2706)-Shengelia,D (2557) Czech Republic 2018}) 10. O-O-O Nde5 {LiveBook: 7 Games. next ...Nxd4 is good for Black.} 11. Qf2 a6 {White is slightly better.} 12. Kb1 Bd7 13. Nxc6 $146 ({Predecessor:} 13. h4 b5 14. g5 Qc7 15. Rg1 Nxd4 16. Bxd4 b4 17. Ne2 Rfc8 18. Nf4 Nxf3 {0-1 (36) Pavlov,M (2290)-Solodovnichenko,Y (2385) Alushta 1998}) 13... Bxc6 14. Bb6 Bh4 15. Qe3 Bg5 16. Qf2 Bh4 17. Qe3 Bg5 18. Qf2 1/2-1/2

[Event "Chinggis Invitational IV 2018"]
[Site "Ulaanbaatar"]
[Date "2018.08.11"]
[Round "4"]
[White "Bilguun, Sumiya"]
[Black "Shomoev, Anton"]
[Result "1/2-1/2"]
[WhiteElo "2479"]
[BlackElo "2552"]
[Annotator "ChessBase"]
[PlyCount "68"]
[EventDate "2018.08.08"]
[EventType "tourn"]
[EventCountry "MGL"]
[SourceTitle "playchess.com"]
[Source "ChessBase"]
[SourceQuality "1"]
[TimeControl "40/5400+30:1800+30"]

1. e4 {[%emt 0:00:00]} c5 {[%emt 0:00:00]} 2. Nf3 {[%emt 0:00:00]} Nc6 {[%emt 0:00:00]} 3. d4 {[%emt 0:00:04]} cxd4 {[%emt 0:00:00]} 4. Nxd4 {[%emt 0:00:09]} Nf6 {[%emt 0:00:00]} 5. Nc3 {[%emt 0:00:14]} e5 {[%emt 0:00:00]} 6. Ndb5 {[%emt 0:00:30]} d6 {[%emt 0:00:00]} 7. Bg5 {[%emt 0:00:34]} a6 {[%emt 0:00:02]} 8. Na3 {[%emt 0:00:09]} b5 {[%emt 0:00:07]} 9. Nd5 {[%emt 0:00:13]} Be7 {[%emt 0:00:04]} 10. Bxf6 {[%emt 0:00:10]} Bxf6 {[%emt 0:00:04]} 11. c4 {[%emt 0:00:08]} Nd4 {[%emt 0:00:07]} 12. cxb5 {[%emt 0:00:17]} Bb7 {[%emt 0:00:06]} 13. Nc3 {[%emt 0:03:49]} O-O {[%emt 0:02:21]} 14. Bd3 {[%emt 0:11:57]} axb5 {[%emt 0:00:41]} 15. Naxb5 {[%emt 0:00:13]} d5 {[%emt 0:00:14]} 16. Nxd4 {[%emt 0:01:17]} dxe4 {[%emt 0:02:26]} 17. Nxe4 {[%emt 0:11:48]} Qxd4 {[%emt 0:00:43]} 18. Nxf6+ {[%emt 0:03:55]} gxf6 {[%emt 0:05:14]} 19. Bf5 {[%emt 0:11:01]} Qf4 {[%emt 0:33:44]} 20. Qg4+ {[%emt 0:02:42]} Qxg4 {[%emt 0:00:48]} 21. Bxg4 {[%emt 0:00:10]} Rfb8 {[%emt 0:00:03]} 22. b3 {[%emt 0:12:10]} Ra3 {[%emt 0:01:50]} 23. Bd7 {[%emt 0:02:46]} Rd8 {[%emt 0:08:49]} 24. Ba4 {[%emt 0:03:32]} f5 {[%emt 0:07:57]} 25. f3 {[%emt 0:06:00]} Ba6 {[%emt 0:02:46]} 26. g3 {[%emt 0:04:27]} e4 {[%emt 0:06:28]} 27. fxe4 {[%emt 0:10:08]} fxe4 {[%emt 0:00:44]} 28. Kf2 {[%emt 0:01:35]} Rd2+ {[%emt 0:01:10]} 29. Ke3 {[%emt 0:00:06]} Raxa2 {[%emt 0:01:41]} 30. Rxa2 {[%emt 0:00:45]} Rxa2 {[%emt 0:00:06]} 31. Re1 {[%emt 0:02:18]} Bd3 {[%emt 0:03:17]} 32. Bc6 {[%emt 0:00:49]} Rb2 {[%emt 0:00:06]} 33. Bxe4 {[%emt 0:06:25]} Bxe4 {[%emt 0:00:06]} 34. Kxe4 {[%emt 0:00:07]} Rxb3 {[%emt 0:00:02]} 1/2-1/2

[Event "Chinggis Invitational IV 2018"]
[Site "Ulaanbaatar"]
[Date "2018.08.12"]
[Round "5"]
[White "Durarbayli, Vasif"]
[Black "Bilguun, Sumiya"]
[Result "1-0"]
[WhiteElo "2633"]
[BlackElo "2479"]
[Annotator "TA"]
[PlyCount "80"]
[EventDate "2018.08.08"]
[EventType "tourn"]
[EventCountry "MGL"]
[SourceTitle "playchess.com"]
[Source "ChessBase"]
[SourceQuality "1"]

{[%evp 15,80,-6,87,60,107,101,112,109,122,108,139,123,132,66,66,70,65,60,113,111,166,108,117,110,117,90,81,103,95,93,84,88,64,64,106,57,108,106,106,108,94,102,87,82,106,33,104,50,159,155,204,212,230,218,396,407,395,393,471,452,596,457,6065,6045,2064,1291,5527]} 1. e4 c5 2. Nf3 e6 3. d4 cxd4 4. Nxd4 a6 5. c4 Nf6 6. Nc3 Bb4 7. Nc2 Bxc3+ {B41: Sicilian: Kan Variation: 5 c4} 8. bxc3 Nxe4 {LiveBook: 3 Games} (8... Qa5 $11 {keeps the balance.}) (8... Qa5 9. Qd3 Nc6 10. Be2 Qe5 11. f3 d5 12. exd5 exd5 13. f4 Qf5 14. cxd5 Nxd5 15. O-O {½-½ (27) Baghdasaryan,V (2472)-Zubov,A (2614) Batumi 2016}) 9. Qg4 $16 f5 {White is slightly better.} 10. Qxg7 Qf6 11. Qxf6 Nxf6 12. c5 Ne4 $146 ({Predecessor:} 12... Nc6 13. c4 Ne4 14. Ba3 Rg8 15. f3 {1-0 (45) Genova,L (2221)-Ljangov,P (2072) Albena 2009}) 13. Ba3 Rg8 14. c4 (14. Ne3 $16) 14... a5 $14 15. f3 Nc3 16. Nd4 {Nb5 is the strong threat.} Nc6 (16... Na4 $14) 17. Nxc6 $16 bxc6 (17... dxc6 $16 18. Kd2 Na4) 18. Kf2 (18. g3 $18) 18... Rb8 19. Bd3 Ba6 20. Rhe1 Kf7 21. Bf1 Rb7 22. Rec1 Na4 23. Rab1 Rxb1 24. Rxb1 f4 25. h4 h6 (25... h5 $14) 26. Rc1 Rb8 27. Be2 e5 28. g4 fxg3+ 29. Kxg3 Ke6 30. Bf1 ({White should try} 30. Kh3 $16) 30... Rd8 (30... Kf6 $14) 31. Rd1 (31. Bh3+ $16 Kf6 32. h5) 31... h5 ({Black should play} 31... Ke7 $14) 32. Rd6+ Kf7 33. Bd3 Nc3 34. Bc1 e4 $2 {[#]} (34... Rg8+ 35. Bg5 Ke8 36. Bg6+ Rxg6 37. Rxg6 Bxc4) 35. fxe4 $18 {[%cal Bf3e4,Be4e5][%mdl 32]} Rg8+ 36. Bg5 Bc8 37. e5 {White is clearly winning.} Nxa2 38. Bh7 Nc3 (38... Rg7 $142) 39. Bxg8+ Kxg8 40. Kf3 Kf7 {Precision: White = 71%, Black = 26%.} 1-0

[Event "Chinggis Invitational IV 2018"]
[Site "Ulaanbaatar"]
[Date "2018.08.12"]
[Round "5"]
[White "Bocharov, Dmitry"]
[Black "Robson, Ray"]
[Result "0-1"]
[WhiteElo "2573"]
[BlackElo "2670"]
[Annotator "TA"]
[PlyCount "56"]
[EventDate "2018.08.08"]
[EventType "tourn"]
[EventCountry "MGL"]
[SourceTitle "playchess.com"]
[Source "ChessBase"]
[SourceQuality "1"]

{[%evp 21,56,13,13,10,26,35,15,0,0,0,0,0,0,0,0,0,0,0,0,0,0,0,0,0,0,0,0,-237,-239,-257,0,0,0,-249,-208,-1510,-1499]} 1. Nf3 c5 2. e4 d6 3. Bb5+ Nd7 4. d4 cxd4 5. Qxd4 a6 6. Bxd7+ Bxd7 7. O-O Nf6 8. Nc3 {B51: Sicilian: Moscow Variation (3 Bb5+) without 3...Bd7} e5 9. Qd3 h6 10. Nd2 b5 11. a4 Rb8 {LiveBook: 3 Games} 12. Rd1 Qc8 $146 ({Predecessor:} 12... Be7 13. axb5 axb5 14. Nf1 b4 15. Nd5 Nxd5 16. Qxd5 {½-½ (31) Anand,V (2816)-Topalov,V (2816) Saint Louis 2015}) 13. axb5 axb5 {[%cal Ba6b5,Bb5b4][%mdl 32]} 14. Nf1 b4 15. Nd5 Nxd5 16. Qxd5 Be7 17. Ne3 Be6 18. Qd3 O-O 19. Bd2 Bg5 20. Qxd6 Rd8 21. Qxe5 Bf6 $36 {[%mdl 2048] Black is pushing.} 22. Qf4 Bxb2 23. Rab1 Bf6 24. Qf3 $2 ({Don't play} 24. Rxb4 Rxb4 25. Bxb4 Rxd1+ 26. Nxd1 Qxc2 $17) (24. Be1 $11) 24... Ba2 $1 $19 {[%cal Ra2b1][%mdl 1024] Black has strong compensation.} 25. Rbc1 {[#]} Bb2 $2 (25... Rxd2 $1 $19 {[%mdl 512]} 26. Rxd2 b3) 26. Nf5 $11 Kh7 27. Qg3 $2 (27. Bf4 $1 $11 Bxc1 28. Bxb8 (28. Rxc1 Ra8 $11)) 27... Rb6 {aiming for ...b3.} 28. Qh4 $2 (28. f3) 28... Bxc1 {Precision: White = 39%, Black = 89%.} 0-1

[Event "Chinggis Invitational IV 2018"]
[Site "Ulaanbaatar"]
[Date "2018.08.12"]
[Round "5"]
[White "Batchuluun, Tsegmed"]
[Black "Ganguly, Surya Shekhar"]
[Result "*"]
[WhiteElo "2571"]
[BlackElo "2652"]
[Annotator "TA"]
[PlyCount "31"]
[EventDate "2018.08.08"]
[EventType "tourn"]
[EventCountry "MGL"]
[SourceTitle "playchess.com"]
[Source "ChessBase"]
[SourceQuality "1"]

{[%evp 13,15,0,2,0]} 1. d4 g6 2. e4 d6 3. Nf3 Nf6 4. Nc3 Bg7 5. h3 O-O 6. Be3 a6 7. Bd3 b5 {LiveBook: 47 Games} 8. Ne2 {B08: Pirc Defence: Classical System} {Predecessor:} Bb7 $146 9. Ng3 d5 10. e5 Ne4 11. O-O f6 12. Qc1 Nd7 13. Bh6 Nxg3 14. fxg3 fxe5 15. Bxg7 Kxg7 16. dxe5 {0-1 (31) Colmenares,A (2390)-Chatalbashev,B (2566) Zuerich 2018} *

[Event "Chinggis Invitational IV 2018"]
[Site "Ulaanbaatar"]
[Date "2018.08.12"]
[Round "5"]
[White "Batchuluun, Tsegmed"]
[Black "Ganguly, Surya Shekhar"]
[Result "1/2-1/2"]
[WhiteElo "2571"]
[BlackElo "2652"]
[Annotator "TA"]
[PlyCount "109"]
[EventDate "2018.08.08"]
[EventType "tourn"]
[EventCountry "MGL"]
[SourceTitle "playchess.com"]
[Source "ChessBase"]
[SourceQuality "1"]

{[%evp 20,109,16,0,0,0,0,0,0,0,0,0,0,-1,-2,-24,-13,-17,27,-12,-18,-30,-31,-26,-33,-45,-54,-49,-40,-55,-43,-97,-102,-162,-154,-142,-139,-227,-216,-194,-21,-33,0,0,0,-12,0,0,0,0,0,0,0,0,0,0,0,0,0,0,0,0,0,0,0,0,0,0,0,0,0,0,0,0,0,0,0,0,0,0,0,0,0,0,0,0,0,0,0,0,0,0]} 1. d4 Nf6 2. c4 e6 3. Nf3 d5 4. g3 dxc4 5. Bg2 Bb4+ 6. Bd2 a5 7. Qc2 {E04: Open Catalan: 5 Nf3} (7. a3 Bd6 8. Qa4+ Nc6 9. O-O O-O 10. Qxc4 e5 11. dxe5 Nxe5 12. Nxe5 Bxe5 13. Qc2 c6 14. Bc3 Qe7 {½-½ (77) Fedoseev,V (2707)-Shankland,S (2727) Danzhou 2018}) 7... Bxd2+ 8. Qxd2 c6 9. a4 Ne4 10. Qc1 Nd6 11. Ne5 {LiveBook: 4 Games} Qb6 12. e3 f6 13. Nf3 $146 ({Predecessor:} 13. Nxc4 Nxc4 14. Qxc4 Qxb2 {1-0 (36) Palac,M (2546)-Korchmar,V (2411) Batumi 2018}) 13... c5 14. O-O Nc6 {[%cal Rc5d4]} 15. Na3 cxd4 16. exd4 Bd7 17. Nxc4 Nxc4 18. Qxc4 Nb4 19. Rfc1 O-O 20. Qc7 Qxc7 21. Rxc7 Bc6 $36 {[%mdl 2048] White must now prevent ...Nd5. Black is pushing.} 22. Ne1 Rf7 23. Rxf7 Kxf7 24. Rc1 Ke7 25. Rc4 ({Better is} 25. Bxc6 $15 Nxc6 26. Rc5) 25... Ra6 $17 26. Nc2 (26. Rc5 $17 {keeps fighting.}) 26... Nxc2 $1 $19 27. Rxc2 {[%mdl 4096] Endgame [#] KRB-KRB} Kd6 $1 28. Rc5 (28. b3 $17 {was necessary.}) 28... e5 29. Rc4 {[#]} Bxg2 $2 (29... e4 $1 $19 30. Rc2 Rb6) 30. Kxg2 {KR-KR} Rb6 31. dxe5+ {The position is equal.} fxe5 32. Rh4 $1 Rxb2 {Strongly threatening ...h6.} 33. Rxh7 e4 {...e3 is the strong threat.} 34. Rxg7 e3 {Threatens to win with ...e2.} 35. Kf1 Rxf2+ 36. Ke1 b6 37. h4 Kc5 38. h5 Rh2 39. Rg5+ Kd4 40. Rb5 Rh1+ 41. Ke2 Rh2+ 42. Ke1 Kd3 {[%cal Rh2h1]} 43. Rb3+ Ke4 44. Rxb6 Rxh5 45. Re6+ Kf3 {[%cal Rh5h1]} (45... Kd3 $5 46. Rd6+ $8 Ke4 $11) 46. Rf6+ Ke4 47. Re6+ Kd3 {[%cal Rh5h1]} (47... Kf3 $5 48. Rf6+ $8 Ke4 $11) 48. Rd6+ Kc4 49. Ke2 Rg5 50. Kxe3 {aiming for Kf4.} Rxg3+ 51. Kd2 Rg2+ 52. Kc1 Kb3 53. Rd3+ Kxa4 54. Kb1 Kb4 55. Rh3 {Precision: White = 69%, Black = 71%.} 1/2-1/2

[Event "Chinggis Invitational IV 2018"]
[Site "Ulaanbaatar"]
[Date "2018.08.12"]
[Round "5"]
[White "Shomoev, Anton"]
[Black "Abasov, Nijat"]
[Result "1/2-1/2"]
[WhiteElo "2552"]
[BlackElo "2623"]
[Annotator "TA"]
[PlyCount "197"]
[EventDate "2018.08.08"]
[EventType "tourn"]
[EventCountry "MGL"]
[SourceTitle "playchess.com"]
[Source "ChessBase"]
[SourceQuality "1"]

{[%evp 25,197,4,15,15,19,16,20,21,27,20,25,31,21,19,28,26,25,0,42,43,49,51,83,82,93,105,133,126,103,38,52,35,30,13,36,-4,19,39,13,-13,-11,-10,-14,-13,0,-30,-25,-56,-56,-62,-47,-53,-56,-45,-56,-40,-49,-47,-41,-41,-41,-46,-13,-14,-6,-6,-6,-6,-6,-8,0,0,0,-8,0,-27,-32,-56,-40,-43,-27,-31,-44,-22,0,-20,-17,-39,-38,-35,-29,-46,-46,-41,-40,-40,-40,-40,-40,-40,-40,-52,-52,-52,-41,-41,-41,-41,-41,-41,-41,-41,-40,-41,-40,-40,-40,-40,-40,-40,-40,-41,-40,-41,-41,-41,-41,-47,-41,-52,-52,-47,-40,-40,-40,-40,-40,-40,-40,-40,-40,-40,0,0,0,-40,-8,-80,-80,-75,-8,-8,0,0,0,0,0,0,0,0,0,0,0,0,0,0,0,0,0,0,0,0,0,0]} 1. e4 e5 2. Nf3 Nc6 3. Bb5 {[%cal Bf1b5,Bb5a4,Ba4b3][%mdl 32]} a6 4. Ba4 Nf6 5. O-O Be7 6. Re1 b5 7. Bb3 O-O 8. a4 b4 9. a5 d6 10. d3 Be6 11. Bxe6 {C88: Closed Ruy Lopez: Anti-Marshall Systems} fxe6 12. Nbd2 Rb8 13. Nb3 Qc8 {LiveBook: 3 Games} 14. h3 Nd8 15. Be3 c5 16. Nbd2 Nc6 {[%cal Bd8c6,Bc6a5,Ba5c4,Bc4b2][%mdl 32]} 17. c3 {[#]} bxc3 $146 ({Predecessor:} 17... Rb5 18. d4 exd4 19. cxd4 Nxa5 20. dxc5 dxc5 {1-0 (78) So,W (2799)-Aronian,L (2794) Berlin 2018}) 18. bxc3 {[%cal Bb2c3,Bc3d4][%mdl 32]} Rb5 19. d4 exd4 20. cxd4 Nxa5 21. e5 Nd5 22. exd6 Bxd6 23. Ne4 Nxe3 24. Rxe3 Bf4 25. Rea3 {[%mdl 1024] White has strong compensation.} Nc4 {[#]} 26. Rc3 $1 {[%cal Rc3c4]} Nb2 {[#]} 27. Qe2 (27. Qc2 $1 $16 {[%cal Re4c5]} c4 28. g3) 27... c4 $14 28. g3 Bb8 $1 29. Nc5 {next Ng5 is good for White.} Bd6 30. Ra2 ({But not} 30. Qxe6+ Qxe6 31. Nxe6 Re8 $11) 30... Nd3 31. Nxd3 cxd3 32. Rxd3 Rb1+ 33. Rd1 Rxd1+ 34. Qxd1 Qc6 35. Kg2 Bb4 36. Qb3 a5 $1 {[%cal Ba6a5,Ba5a4][%mdl 32]} 37. Re2 a4 38. Qxe6+ Qxe6 39. Rxe6 $15 {[%mdl 4096] Endgame KRB-KRN} Ra8 {Strongly threatening ...a3.} 40. Re2 a3 41. Ra2 Kf7 42. Ne5+ Ke6 {...Kd5 is the strong threat.} 43. Nc4 $1 Ra7 {Threatens to win with ...Kd5.} (43... Ra6 $5 44. Ne3 $8 Ra4 $11) 44. Ne3 Kd7 45. Nd5 Bf8 46. Kf3 $1 Rb7 47. Ke4 Rb3 48. Rc2 Bd6 49. g4 Rxh3 50. Ne3 Rh1 51. Kd5 Rb1 52. Nc4 $1 {[%cal Rc4d6]} Rb5+ 53. Ke4 Rb7 54. Kd5 Rb5+ 55. Ke4 g5 56. f4 gxf4 57. Rh2 Be7 58. Nxa3 Bxa3 59. Rxh7+ $11 {KRB-KR} Be7 60. Kxf4 Ke6 61. Rh5 Rb4 62. Re5+ Kd6 63. Ke4 Bf6 64. Rd5+ Ke7 65. g5 Bg7 66. Kf5 Bxd4 67. Kg6 Bb2 68. Rd2 Be5 69. Kf5 Bd6 70. Kg6 Ke6 71. Rf2 Bf4 72. Re2+ Be5 73. Ra2 Rb6 74. Re2 Rb8 75. Rf2 Rg8+ 76. Kh5 Kd5 77. Kg4 Rh8 78. Rf1 Rh2 79. Kf5 Bd4 80. Rf3 Rg2 81. Ra3 Rf2+ 82. Kg6 Ke4 83. Ra8 Rg2 84. Ra4 Ke5 85. Ra5+ Kf4 86. Rf5+ (86. Kf7 $11 {keeps the balance.}) 86... Kg4 $17 87. Ra5 Kh4 (87... Be3 $17) 88. Kh7 $11 {The position is equal.} Rg4 89. g6 Re4 90. Ra4 Kg5 {( -> ...Rh4+)} 91. g7 Rh4+ 92. Kg8 Kg6 93. Rc4 Re4 {[%cal Re4e8]} 94. Rc6+ $1 Kh5 95. Rc4 Rg4 96. Rxd4 Rxd4 97. Kh8 Rd8+ 98. g8=Q Rxg8+ 99. Kxg8 {Precision: White = 62%, Black = 63%.} 1/2-1/2